Capitales mondiales les plus proches de Téhéran - Statistiques

Statistiques générales
  • Ce quiz a été pris 58 fois
  • Le résultat moyen est 15 sur 20
Statistiques - réponses
km capitale % Correct
697 Bagdad
96%
1405 Damas
90%
773 Koweït
88%
1691 Ankara
87%
1558 Jérusalem
87%
1623 Kaboul
87%
1304 Riyad
87%
541 Bakou
83%
1159 Doha
83%
783 Erevan
83%
1464 Beyrouth
81%
879 Tbilissi
73%
1284 Abou Dabi
67%
1510 Mascate
67%
1672 Tachkent
65%
1487 Amman
62%
1057 Manama
62%
1578 Douchanbé
60%
667 Achgabat
58%
1631 Nicosie
48%
Aucun quiz correspondant
Distribution des résultats
% des personnes avec chaque résultat
Percentile par nombre de réponses
Votre historique - résultats
Vous n’avez pas pris ce quiz